000 01545nam a22002177a 4500
008 251013b |||||||| |||| 00| 0 eng d
020 _a9781250198587
040 _ctbs
041 _aeng
100 _aWebber, Heather S.
_926125
_eauthor
245 _aSouth of the buttonwood tree
_c/ Heather Webber.
260 _aNew York, NY :
_bForge,
_c2020.
300 _a334 pages ;
_c22 cm.
520 _aBlue Bishop has a knack for finding lost things. While growing up in charming small-town Buttonwood, Alabama, she’s happened across lost wallets, jewelry, pets, her wandering neighbor, and sometimes, trouble. No one is more surprised than Blue, however, when she comes across an abandoned newborn baby in the woods, just south of a very special buttonwood tree. Sarah Grace Landreneau Fulton is at a crossroads. She has always tried so hard to do the right thing, but her own mother would disown her if she ever learned half of Sarah Grace’s secrets. The unexpected discovery of the newborn baby girl will alter Blue’s and Sarah Grace’s lives forever. Both women must fight for what they truly want in life and for who they love. In doing so, they uncover long-held secrets that reveal exactly who they really are—and what they’re willing to sacrifice in the name of family.
650 0 _aAbandoned children
_vFiction
_926126
650 0 _aYoung women
_vFiction
_924099
650 0 _aInterpersonal relations
_vFiction
_924021
650 0 _aCity and town life
_vFiction
_925594
651 0 _aAlabama
_vFiction
_926127
942 _2lcc
999 _c5036
_d5036